Normal view
MARC view
- Mashriqī, ʻInāyatullāh K̲h̲ān̲,
Entry Personal Name
001 - CONTROL NUMBER
- control field: 91057
003 - CONTROL NUMBER IDENTIFIER
- control field: NUST
005 - DATE AND TIME OF LATEST TRANSACTION
- control field: 20220420104144.0
008 - FIXED-LENGTH DATA ELEMENTS
- fixed length control field: 220420|| aca||aabn | a|a d
040 ## - CATALOGING SOURCE
- Original cataloging agency: NUST
- Transcribing agency: NUST
100 ## - HEADING--PERSONAL NAME
- Personal name: Mashriqī, ʻInāyatullāh K̲h̲ān̲,
- Dates associated with a name: 1888-1963
670 ## - SOURCE DATA FOUND
- Source citation: Work cat.: (NUST)0: Mashriqī, ʻInāyatullāh K̲h̲ān̲, 1888-1963., Man's destiny, [1972]
